000 00630nam a2200217Ia 4500
005 20210223123525.0
008 131103s9999 xx 000 0 und d
040 _aLoreto College
041 _aEnglish
082 _a821.7
_bBYR-MAR
100 _aMarchand,Leslie A.
245 _aByron's poetry
_bAcritical introduction
_cLeslie A.Marchand
260 _aLondon
_bJohn Murry
_c1965
300 _avii,261 p.
504 _aIncludes bibliographical references and index
600 _aBryon,Lord, 1788 - 1824
650 _aBryon,Lord - Poems - Critical Study
651 _aEnglish Poetry
850 _aLCLIB
942 _cBK
999 _c6042
_d56521